00303nam a2200133Ia 4500008004100000082001800041100001600059245001700075250000600092260002900098300000800127630001700135730001700152100122s9999 xx 000 0 und d b48463a796.83 aBERGER PHIL aBLOOD SEASON a0 bHARPER & PAPERBACKc1989 a453 aBLOOD SEASON aBLOOD SEASON